<?xml version="1.0" encoding="UTF-8"?>
<collection xmlns="http://www.loc.gov/MARC21/slim">
 <record>
  <leader>02491nam a2200265 a 4500</leader>
  <controlfield tag="001">1/45423</controlfield>
  <controlfield tag="008">140828s1998    us            001 0 eng  </controlfield>
  <datafield tag="020" ind1=" " ind2=" ">
   <subfield code="a">9780884159209</subfield>
  </datafield>
  <datafield tag="020" ind1=" " ind2=" ">
   <subfield code="a">0884159205</subfield>
  </datafield>
  <datafield tag="035" ind1=" " ind2=" ">
   <subfield code="l">48383</subfield>
  </datafield>
  <datafield tag="040" ind1=" " ind2=" ">
   <subfield code="a">OPELS</subfield>
   <subfield code="b">eng</subfield>
   <subfield code="c">OPELS</subfield>
   <subfield code="d">OCLCQ</subfield>
   <subfield code="d">ZCU</subfield>
   <subfield code="d">OCLCE</subfield>
   <subfield code="d">COO</subfield>
   <subfield code="d">TULIB</subfield>
   <subfield code="d">OCLCO</subfield>
   <subfield code="d">OCLCQ</subfield>
   <subfield code="d">OCLCF</subfield>
   <subfield code="d">GR-PeUP</subfield>
  </datafield>
  <datafield tag="100" ind1="1" ind2=" ">
   <subfield code="a">Kletz, Trevor A.</subfield>
  </datafield>
  <datafield tag="245" ind1="1" ind2="0">
   <subfield code="a">What went wrong?</subfield>
   <subfield code="h">[electronic resource] :</subfield>
   <subfield code="b">case histories of process plant disasters /</subfield>
   <subfield code="c">Trevor Kletz.</subfield>
  </datafield>
  <datafield tag="250" ind1=" " ind2=" ">
   <subfield code="a">4th ed.</subfield>
  </datafield>
  <datafield tag="260" ind1=" " ind2=" ">
   <subfield code="a">Houston, Tex. :</subfield>
   <subfield code="b">Gulf Pub.,</subfield>
   <subfield code="c">c1998.</subfield>
  </datafield>
  <datafield tag="300" ind1=" " ind2=" ">
   <subfield code="a">1 online resource (xxiii, 408 p.) :</subfield>
   <subfield code="b">ill.</subfield>
  </datafield>
  <datafield tag="520" ind1=" " ind2=" ">
   <subfield code="a">Expert Trevor Kletz examines the causes and aftermaths of numerous plant disasters--almost every one of which could have been prevented. Case histories illustrate what went wrong, why it went wrong, and then guide you in how to circumvent similar tragedies. Learn from the mistakes of others. This invaluable and respected book examines the causes and aftermaths of numerous plant disasters - almost every one of which could have been prevented. Case histories illustrate what went wrong and why it went wrong, and then guide you in how to circumvent similar tragedies. * Learn from the mistakes of others with this important book! * Examines the causes and aftermaths of numerous plant disasters - most of which could have been prevented * Case histories illustrate what went wrong, why it went wrong, and then guide you in how to circumvent similar tragedies.</subfield>
  </datafield>
  <datafield tag="505" ind1="0" ind2=" ">
   <subfield code="a">Acknowledgments. Preface. Units and nomenclature. Preparation for maintenance. Modifications. Accidents caused by human error. Labeling. Storage tanks. Stacks. Leaks. Liquefied flammable gases. Pipe and vessel failures. Other equipment. Entry to vessels. Hazards of common materials. Tank trucks and cars. Testing of trips and other protective systems. Static electricity. Materials of construction. Operating methods. Reverse flow and other unforeseen deviations. I didn't know that. Problems with computer control. Inherently safer design. Reactions-planned and unplanned. A final word. Recommended reading. Index.</subfield>
  </datafield>
  <datafield tag="504" ind1=" " ind2=" ">
   <subfield code="a">Includes bibliographical references and index.</subfield>
  </datafield>
  <datafield tag="650" ind1=" " ind2="4">
   <subfield code="a">Chemical plants</subfield>
   <subfield code="x">Accidents.</subfield>
  </datafield>
  <datafield tag="655" ind1=" " ind2="4">
   <subfield code="a">Electronic books.</subfield>
  </datafield>
  <datafield tag="852" ind1=" " ind2=" ">
   <subfield code="a">INST</subfield>
   <subfield code="b">UNIPILB</subfield>
   <subfield code="c">EBOOKS</subfield>
   <subfield code="e">20140828</subfield>
   <subfield code="p">00b48383</subfield>
   <subfield code="q">00b48383</subfield>
   <subfield code="t">ONLINE</subfield>
   <subfield code="y">0</subfield>
  </datafield>
  <datafield tag="856" ind1="4" ind2="0">
   <subfield code="3">ScienceDirect</subfield>
   <subfield code="u">http://www.sciencedirect.com/science/book/9780884159209</subfield>
  </datafield>
  <datafield tag="856" ind1="4" ind2=" ">
   <subfield code="d">/webopac/covers/03/48383_9780884159209.jpg</subfield>
  </datafield>
  <datafield tag="856" ind1="4" ind2=" ">
   <subfield code="d">/webopac/covers/03/48383_0884159205.jpg</subfield>
  </datafield>
 </record>
</collection>
